| 000 | 00765nam a22002537a 4500 | ||
|---|---|---|---|
| 999 |
_c252317 _d252316 |
||
| 003 | OSt | ||
| 005 | 20241122112940.0 | ||
| 008 | 241122b xxu||||| |||| 00| 0 eng d | ||
| 010 | _a81015848 | ||
| 020 | _a0394325680 | ||
| 040 | _cDLC | ||
| 050 |
_aBF721 _b .H2175 1982 |
||
| 100 |
_a Hall, Elizabeth, _d1929- |
||
| 245 |
_a Child psychology today / _c Elizabeth Hall ; advisory editors, Michael E. Lamb, Marion Perlmutter. |
||
| 250 | _a1st Edn. | ||
| 260 |
_a New York : _b Random House, _c c1982 |
||
| 300 |
_a xvi, 586 p. : _b ill. ; _c 24 cm. |
||
| 500 | _a Includes indexes. | ||
| 504 | _aBibliography: p. 507-548. | ||
| 650 | _aChild psychology. | ||
| 700 |
_a Lamb, Michael E., _d 1953- |
||
| 700 | _aPerlmutter, Marion. | ||
| 942 |
_cBK _2lcc |
||